|
|
|
|
| LEADER |
00000nam0a2200000 4500 |
| 001 |
109103 |
| 005 |
20231031115921.0 |
| 010 |
|
|
|a 5268000802
|
| 020 |
|
|
|a RU
|b 94-19697
|
| 035 |
|
|
|a (RuTPU)RU\TPU\book\117766
|
| 035 |
|
|
|a RU\TPU\book\108322
|
| 090 |
|
|
|a 109103
|
| 100 |
|
|
|a 20070131d1991 m y0rusy5003 ca
|
| 101 |
0 |
|
|a rus
|
| 102 |
|
|
|a RU
|
| 105 |
|
|
|a y z 000ay
|
| 200 |
1 |
|
|a Избранное
|f М. Н. Загоскин
|
| 210 |
|
|
|a Москва
|c Советская Россия
|d 1991
|
| 215 |
|
|
|a 336 с.
|
| 464 |
|
|
|t Юрий Милославский, или русские в 1612 году
|o исторический роман в трех частях
|
| 464 |
|
|
|t Москва и москвичи
|o главы из книги
|
| 610 |
1 |
|
|a советская литература
|
| 610 |
1 |
|
|a исторические романы
|
| 610 |
1 |
|
|a избранное
|
| 675 |
|
|
|a Р1
|z rus
|v 3
|
| 700 |
|
1 |
|a Загоскин
|b М. Н.
|g Михаил Николаевич
|4 070
|
| 801 |
|
0 |
|a RU
|b RuMRKP
|c 19950413
|g psbo
|
| 801 |
|
1 |
|a RU
|b 63413507
|c 20060824
|g PSBO
|
| 801 |
|
2 |
|a RU
|b 63413507
|c 20150414
|g PSBO
|
| 942 |
|
|
|c BK
|